000 00655nam a2200253Ia 4500
003 OSt
005 20220918215723.0
006 a|||||r|||| 00| 0
007 ta
008 220917b |||||||| |||| 00| 0 eng d
024 _a142,284
037 _cTextual
040 _aARTS
_cARTS
_beng
041 _2eng
_aeng
082 _aY11:4:5(Z), M4
100 _aCarmi A Ed
_9134901
245 0 _aChild abuse
260 _aBerlin
_bSpringer Verlag
_c1984
300 _a216p.
_ccm.
650 _aSOCIOLOGY
700 _a Zimirin H Ed
_9134902
942 _hY11:4:5(Z), M4
_cTEXL
_2CC
999 _c265243
_d265243